[Event "Tourn. n9074"]
[Site "www.chess-mail.com"]
[Date "2016.12.21"]
[Round "1"]
[White "Roque1"]
[Black "Mitja"]
[WhiteElo "1800"]
[BlackElo "1970"]
[Result "0-1"]
[Round "1"]
1.e4 d5
2.exd5 Qd8xd5
3.Nb1c3 Qd5d8
4.Bf1c4 e6
5.Ng1f3 c6
6.O-O Ng8e7
7.d3 Ne7g6
8.Bc1e3 Bf8e7
9.Qd1d2 h6
10.Ra1e1 O-O
11.Nc3e4 Nb8d7
12.Ne4g3 Nd7b6
13.b3 Nb6xc4
14.bxc4 b6
15.c3 Bc8b7
16.d4 Qd8c7
17.Be3xh6 gxh6
18.Qd2xh6 Qc7f4
19.Qh6h3 c5
20.Ng3h5 Qf4d6
21.Qh3g4 Bb7xf3
22.gxf3 cxd4
23.cxd4 Kh7
24.Re1e5 Rf8g8
25.Qg4e4 Qd6d8
26.Kh1 Be7f6
27.Nh5xf6 Qd8xf6
28.Re5h5 Kg7
29.Rf1g1 Ra8d8
30.Rg1g4 Kf8
31.a4 Rg8h8
32.Rh5g5 Rh8g8
33.h4 Ng6e7
34.Rg4f4 Ne7f5
35.Rg5xg8 Kxg8
36.Rf4g4 Kf8
37.d5 exd5
38.cxd5 Rd8e8
39.Rg4g8 Kxg8
40.Qe4xe8 Kg7
41.h5 Qf6h4
42.Kg2 Qh4xh5
43.Qe8e5 Kg6
44.d6 Nf5h4
{ resign }
0-1

[Event "Tourn. n9083"]
[Site "www.chess-mail.com"]
[Date "2016.12.21"]
[Round "1"]
[White "Snickers"]
[Black "Julian"]
[WhiteElo "1880"]
[BlackElo "1900"]
[Result "0-1"]
[Round "1"]
1.d4 d5
2.c4 e6
3.Nb1c3 Ng8f6
4.cxd5 exd5
5.Bc1g5 Bf8e7
6.e3 O-O
7.Bf1d3 Rf8e8
8.Ng1e2 c6
9.O-O Bc8g4
10.Qd1d2 h6
11.Bg5xf6 Be7xf6
12.h3 Bg4h5
 { time }
0-1

[Event "Match"]
[Site "www.echecsemail.com"]
[Date "2016.12.21"]
[Round "1"]
[White "Sonny1000"]
[Black "Nulladies"]
[WhiteElo "1310"]
[BlackElo "1850"]
[Result "0-1"]
[Round "1"]
1.e4 c5
2.c4 g6
3.Nb1c3 Bf8g7
4.a4 Nb8c6
5.Qd1g4 d6
6.Qg4f3 Nc6e5
7.Qf3g3 Ng8f6
8.Qg3h4 Nf6g4
9.Qh4h3 Ng4xf2
10.Kxf2 Bc8xh3
11.Ng1xh3 Ne5g4
12.Ke2 O-O
13.Nc3b5 a6
14.Nh3f4 axb5
15.cxb5 Qd8d7
16.Nf4d5 f5
17.exf5 Rf8xf5
18.Nd5b6 Qd7e6
19.Kd1 Ra8d8
20.Kc2 d5
21.Rh1g1 Qe6xb6
22.Bf1d3 Rf5f2
23.a5 Ng4e3
24.Kb1 Qb6e6
25.a6 Rf2xg2
26.Rg1h1 Ne3f5
27.Bd3xf5 Qe6xf5
28.Ka2 d4
29.axb7 Rd8b8
30.d3 Qf5xd3
31.h3 Rb8xb7
32.h4 Qd3xb5
33.Rh1e1 Rb7a7
34.Kb1 Ra7xa1
35.Kxa1 d3
36.Re1xe7 Bg7xb2
37.Kb1 Bb2f6
{ resign }
0-1

[Event "Match"]
[Site "www.echecsemail.com"]
[Date "2016.12.21"]
[Round "1"]
[White "Guidom"]
[Black "Snickers"]
[WhiteElo "2150"]
[BlackElo "1880"]
[Result "1-0"]
[Round "1"]
1.e4 e5
2.Ng1f3 Nb8c6
3.Bf1b5 a6
4.Bb5a4 Ng8f6
5.O-O Nf6xe4
6.Rf1e1 Ne4c5
7.Nf3xe5 Bf8e7
8.Ba4xc6 dxc6
9.d4 Nc5e6
10.c3 O-O
11.Bc1e3 Rf8e8
12.Nb1d2 Be7f6
13.Nd2f3 Bf6xe5
14.Nf3xe5 f6
15.Ne5f3  { time }
1-0

[Event "Match"]
[Site "www.echecsemail.com"]
[Date "2016.12.21"]
[Round "1"]
[White "Llord"]
[Black "Sonny1000"]
[WhiteElo "1880"]
[BlackElo "1300"]
[Result "1-0"]
[Round "1"]
1.e4 e5
2.Ng1f3 Nb8c6
3.Bf1c4 Nc6a5
4.d3 Na5xc4
5.dxc4 Ng8f6
6.Nb1c3 c6
7.Nf3xe5 Bf8c5
8.Bc1g5 d6
9.Ne5g4 Nf6xg4
10.Qd1xg4 f6
11.Bg5h4 g5
12.Bh4g3 Bc8xg4
13.h3 Bg4h5
14.f3 Bc5d4
15.O-O-O Bd4e3
16.Kb1 Qd8a5
17.Bg3xd6 b5
18.cxb5 Ra8d8
19.bxc6 Rh8g8
20.g4 Bh5g6
21.a3 h5
22.Bd6b4 Rd8c8
23.Bb4xa5 Kf7
24.Rd1d7 Ke6
25.Rh1d1 Be3f4
26.c7 Rg8f8
27.Rd7d8 Rc8xd8
28.cxd8Q Rf8xd8
29.Rd1xd8 a6
30.Nc3d5 h4
31.Nd5xf4 Kf7
32.Nf4xg6 Kxg6
33.c4 f5
34.exf5 Kf6
35.c5 Ke7
36.c6 { resign }
1-0

[Event "Match"]
[Site "www.echecsemail.com"]
[Date "2016.12.21"]
[Round "1"]
[White "Fatmike02"]
[Black "Nulladies"]
[WhiteElo "1749"]
[BlackElo "1870"]
[Result "1-0"]
[Round "1"]
1.e4 c5
2.Nb1c3 g6
3.g3 Bf8g7
4.Ng1e2 Nb8c6
5.Bf1g2 Ng8f6
6.d3 O-O
7.h3 d6
8.Bc1e3 Bc8e6
9.Qd1d2 d5
10.Be3h6 d4
11.Nc3d1 Nc6b4
12.Bh6xg7 Kxg7
13.h4 Be6xa2
14.Bg2f3 Nf6d7
15.h5 Nd7e5
16.Bf3g2 a5
17.hxg6 Rf8h8
18.Qd2h6 Kf6
19.g7 Ne5g6
20.gxh8Q Qd8xh8
21.e5 Kxe5
22.Rh1h5 Kd6
23.Ra1xa2 Nb4xa2
24.Rh5d5 Kc7
25.Ne2f4 b6
26.Nf4xg6 fxg6
27.Qh6f4 Kb7
28.Rd5d8 { resign }
1-0

[Event "Fast Game"]
[Site "www.echecsemail.com"]
[Date "2016.12.21"]
[Round "1"]
[White "Attatroll"]
[Black "Jobeye"]
[WhiteElo "1850"]
[BlackElo "1779"]
[Result "1-0"]
[Round "1"]
1.e4 e5
2.Ng1f3 Nb8c6
3.d4 exd4
4.Bf1c4 Bf8b4
5.c3 dxc3
6.O-O cxb2
7.Bc1xb2 Bb4f8
8.Nb1c3 d6
9.Qd1d5 Qd8e7
10.Nf3g5 Nc6e5
11.f4 Ne5xc4
12.Qd5xc4 c6
13.e5 d5
14.Qc4a4 Qe7c5
15.Kh1 h6
16.Ng5f3 b5
17.Qa4d1 Bc8g4
18.Qd1b3 Qc5e3
19.Ra1e1 Qe3xf4
20.Nc3xb5 Kd7
21.Nb5d4 Ra8c8
22.Qb3b7 Rc8c7
23.Qb7a6 f6
24.e6 Bg4xe6
25.Re1xe6 Bf8c5
26.Nf3e5 Qf4xe5
27.Re6xe5 fxe5
28.Nd4f5 Bc5d6
29.Nf5xg7 Ng8e7
30.Rf1f7 Rh8b8
31.Qa6e2 Rc7b7
32.Qe2g4 Kc7
33.Ng7e6 Kb6
34.g3 Ka5
35.Bb2c3 Kb5
36.Qg4e2 Ka4
37.Qe2c2 Ka3
38.Rf7f3 e4
39.Bc3b2 Kxa2
40.Bb2c1 Ka1
41.Rf3f2 Rb7b2
42.Bc1xb2 Ka2
43.Qc2a4 { resign }
1-0

[Event "Tourn. n9083"]
[Site "www.chess-mail.com"]
[Date "2016.12.22"]
[Round "1"]
[White "Pariolinius"]
[Black "Francesco"]
[WhiteElo "1870"]
[BlackElo "1970"]
[Result "0-1"]
[Round "1"]
1.d4 d5
2.Ng1f3 Bc8g4
3.Nb1d2 e6
4.Nf3e5 Bg4h5
5.Nd2f3 Ng8f6
6.Bc1g5 Bf8e7
7.e3 Nb8d7
8.Bf1b5 c6
9.Bb5d3 Qd8a5
10.c3 h6
11.Bg5h4 Qa5c7
12.O-O Nd7xe5
13.Bh4g3 Bh5xf3
14.gxf3 Be7d6
15.dxe5 Bd6xe5
16.f4 Be5d6
17.f3 O-O-O
18.b4 g5
19.a4 gxf4
20.exf4 Bd6xf4
21.Bg3xf4 Qc7xf4
22.Kh1 Rh8g8
23.Rf1g1 Rg8xg1
24.Qd1xg1 Qf4xf3
{ resign }
0-1

[Event "Tourn. n9081"]
[Site "www.chess-mail.com"]
[Date "2016.12.22"]
[Round "1"]
[White "Bojan"]
[Black "Falcoale"]
[WhiteElo "2000"]
[BlackElo "1860"]
[Result "0-1"]
[Round "1"]
1.e4 c5
2.Ng1f3 e6
3.d4 cxd4
4.Nf3xd4 Nb8c6
5.a3 Ng8f6
6.Nb1c3 Bf8e7
7.f4 O-O
8.Qd1d3 a6
9.Bf1e2 d5
10.e5 Nf6d7
11.Bc1e3 Nc6xd4
12.Qd3xd4 b5
13.Nc3a2 Bc8b7
14.b4 f6
15.Be2g4 Ra8c8
16.Bg4xe6 Kh8
17.O-O Rc8c7
18.Be6xd5 Bb7xd5
19.Qd4xd5 Rc7xc2
20.Rf1d1 Nd7b8
21.Qd5b3 Qd8c7
22.Kh1 Rc2c6
23.Rd1d5 fxe5
24.Rd5xe5 Be7f6
25.Re5f5 Qc7c8
26.Ra1f1 Qc8xf5
27.Be3c5 Rf8e8
28.Qb3f3 Rc6e6
29.Bc5f2 Re6e4
30.g3 Bf6d4
31.Qf3d3 Bd4xf2
32.Rf1xf2 Re4e1
33.Kg2 Qf5xd3
{ resign }
0-1

[Event "Tourn. n9110"]
[Site "www.chess-mail.com"]
[Date "2016.12.22"]
[Round "1"]
[White "Pinehill"]
[Black "Malbertan"]
[WhiteElo "2050"]
[BlackElo "2030"]
[Result "0-1"]
[Round "1"]
1.e4 e5
2.d4 exd4
3.Bf1c4 Ng8f6
4.e5 d5
5.Bc4b5 c6
6.Bb5d3 Nf6e4
7.Ng1f3 c5
8.O-O c4
9.Bd3xe4 dxe4
10.Nf3xd4 Bf8c5
11.Bc1e3 O-O
12.Nb1c3 Nb8d7
13.e6 fxe6
14.Nd4xe6 Qd8h4
15.Ne6xf8 Bc5xf8
16.Qd1d5 Kh8
17.Nc3xe4 Nd7f6
18.Qd5d8 Qh4xe4
19.Qd8xf8 Nf6g8
20.Be3xa7 Bc8h3
21.f3 Qe4g6
22.Qf8xg8 Kxg8
{ resign }
0-1

[Event "Tourn. n9018"]
[Site "www.chess-mail.com"]
[Date "2016.12.22"]
[Round "1"]
[White "Romaamor69"]
[Black "Kampungboy"]
[WhiteElo "2420"]
[BlackElo "2540"]
[Result "0-1"]
[Round "1"]
1.d4 d5
2.Bc1f4 Ng8f6
3.e3 c5
4.c3 Nb8c6
5.Nb1d2 Bc8f5
6.Ng1f3 e6
7.Nf3h4 Bf5e4
8.Qd1b3 Qd8d7
9.Bf1e2 c4
10.Qb3d1 h6
11.Nh4f3 Be4h7
12.O-O Bf8e7
13.b3 cxb3
14.axb3 O-O
15.Be2b5 Qd7c8
16.Qd1e2 a6
17.Bb5d3 Nf6e4
18.Rf1c1 g5
19.Bf4g3 h5
20.h4 Ne4xg3
21.Bd3xh7 Kxh7
22.fxg3 g4
23.Nf3e1 Qc8c7
24.Qe2f2 Be7d6
25.Nd2f1 f5
26.Ne1d3 Ra8e8
27.Nd3f4 Qc7f7
28.c4 Re8c8
29.Nf1d2 Nc6b4
30.Rc1f1 b6
31.Qf2e2 Rc8c7
32.Ra1d1 Kg8
33.Qe2f2 a5
34.Kh2 Qf7f6
35.Nf4xh5 Qf6xh4
{ resign }
0-1

[Event "Tourn. n8921"]
[Site "www.chess-mail.com"]
[Date "2016.12.22"]
[Round "1"]
[White "Conde7"]
[Black "Sbb"]
[WhiteElo "2870"]
[BlackElo "2650"]
[Result "1-0"]
[Round "1"]
1.e4 e5
2.Ng1f3 Nb8c6
3.Bf1b5 a6
4.Bb5a4 Ng8f6
5.d3 Bf8c5
6.Ba4xc6 dxc6
7.O-O Qd8d6
8.Nb1d2 Bc8e6
9.a4 O-O-O
10.Qd1e2 Nf6h5
11.g3 Nh5f6
12.Nd2c4 Be6xc4
13.dxc4 h6
14.Bc1d2 g5
15.Bd2c3 Nf6d7
16.a5 Qd6e6
17.b4 Bc5e7
18.Nf3e1 Nd7f6
19.Ne1g2 h5
20.f3 Nf6d7
21.Ra1d1 h4
22.g4 Rh8e8
23.c5 Qe6f6
24.Rd1d2 Nd7f8
25.Rf1d1 Nf8g6
26.Kf2 Rd8xd2
27.Rd1xd2 Re8d8
28.Rd2xd8 Be7xd8
29.Ng2e3 Ng6f4
30.Qe2f1 Qf6e6
31.Ne3c4 Bd8f6
32.Ke3 Qe6d7
33.Bc3a1 Bf6h8
34.Nc4xe5 Qd7e6
35.Ne5d3 Nf4xd3
36.Kxd3 Bh8e5
37.Ba1xe5 Qe6xe5
38.Qf1e2 Qe5b2
39.Qe2e1 Kb8
40.e5 Ka7
41.h3 Kb8
42.f4 gxf4
43.Qe1c3 Qb2c1
44.Ke4 Ka7
45.Qc3d3 Qc1e1
46.Kxf4 Qe1xb4
47.Kf5 Qb4xa5
48.g5 Qa5xc5
49.Kf6 Qc5f8
50.Qd3d4 Kb8
51.Qd4xh4 Qf8e8
52.Qh4c4 Qe8h8
53.Kxf7 Qh8xe5
54.g6 Qe5f5
55.Kg7 Qf5xh3
56.Kf8 Qh3c8
57.Ke7 Qc8h8
58.Qc4f7 Qh8e5
59.Kd7 Qe5d6
60.Ke8 Qd6e5
61.Qf7e7 Qe5h5
62.Qe7d8  { time }
1-0

[Event "Tourn. n9120"]
[Site "www.chess-mail.com"]
[Date "2016.12.22"]
[Round "1"]
[White "Manuelito"]
[Black "Caspito"]
[WhiteElo "1700"]
[BlackElo "1880"]
[Result "0-1"]
[Round "1"]
1.d4 Ng8f6
2.e3 g6
3.Ng1f3 Bf8g7
4.c4 c6
5.Nb1c3 d5
6.Bf1e2 O-O
7.O-O a6
8.cxd5 cxd5
9.Rf1e1 b5
10.b4 Bc8b7
11.Bc1b2 Nb8d7
12.Ra1c1 Nd7b6
13.a3 Qd8d6
14.Be2f1 Nb6c4
15.g3 Nc4xb2
16.Qd1b3 Nb2c4
17.Bf1g2 a5
18.Rc1a1 Bb7c6
19.h3 a4
20.Qb3c2 Bc6d7
21.Ra1c1 Nc4xa3
22.Qc2d3 Na3c4
23.Nf3e5 a3
24.Rc1a1 Qd6xb4
25.Re1b1 Nc4xe5
26.dxe5 Qb4c4
27.Qd3xc4 bxc4
28.Rb1b7 Bd7c6
29.Rb7xe7 Nf6e4
30.Nc3xe4 dxe4
31.Re7c7 Ra8a6
32.Bg2f1 Bg7xe5
33.Bf1xc4 Ra6a4
34.Rc7xc6 Be5xa1
{ resign }
0-1

[Event "Tourn. n9057"]
[Site "www.chess-mail.com"]
[Date "2016.12.22"]
[Round "1"]
[White "Szustan"]
[Black "Aperturaf"]
[WhiteElo "2660"]
[BlackElo "2300"]
[Result "1/2-1/2"]
[Round "1"]
1.e4 e6
2.d4 d5
3.Nb1c3 Ng8f6
4.e5 Nf6d7
5.f4 c5
6.Ng1f3 Nb8c6
7.Bc1e3 cxd4
8.Nf3xd4 Qd8b6
9.Qd1d2 Qb6xb2
10.Ra1b1 Qb2a3
11.Bf1b5 Nc6xd4
12.Be3xd4 a6
13.Bb5xd7 Bc8xd7
14.Rb1b3 Qa3e7
15.Rb3xb7 Qe7h4
16.Bd4f2 Qh4d8
17.O-O Qd8c8
18.Rf1b1 Bf8c5
19.Bf2xc5 Qc8xc5
20.Kh1 Ra8d8
21.Nc3e2 Qc5f2
22.Rb7xd7 Rd8xd7
23.Rb1b8 Rd7d8
24.Qd2b4 Rd8xb8
25.Qb4xb8 Ke7
{ draw }
1/2-1/2

[Event "Tourn. n9018"]
[Site "www.chess-mail.com"]
[Date "2016.12.22"]
[Round "1"]
[White "Rons"]
[Black "Egdiogel"]
[WhiteElo "2520"]
[BlackElo "2220"]
[Result "1-0"]
[Round "1"]
1.e4 c6
2.d4 d5
3.e5 Qd8b6
4.Bf1e2 Bc8f5
5.Ng1f3 e6
6.O-O Ng8e7
7.h3 Nb8d7
8.Nb1c3 h6
9.a4 Qb6c7
10.a5 a6
11.b4 g5
12.Nc3a4 g4
13.hxg4 Bf5xg4
14.Nf3h4 Bg4xe2
15.Qd1xe2 O-O-O
16.Bc1d2 Bf8g7
17.Ra1a3 Rd8g8
18.Qe2h5 Ne7g6
19.Nh4xg6 fxg6
20.Qh5g4 Rg8e8
21.Qg4xg6 Rh8g8
22.Ra3g3 Qc7d8
23.Qg6h7 Re8e7
24.Rf1e1 Rg8h8
25.Qh7d3 Re7f7
26.c4 dxc4
27.Qd3xc4 Rh8e8
28.Qc4d3 Qd8e7
29.Na4b2 Re8f8
30.Re1e2 Rf8d8
31.Nb2c4 Nd7f8
32.Re2e4 Qe7c7
33.Re4g4 Kb8
34.Nc4d6 Rf7e7
35.Rg3h3 Ka8
36.Qd3e4 { resign }
1-0

[Event "Tourn. n9140"]
[Site "www.chess-mail.com"]
[Date "2016.12.22"]
[Round "1"]
[White "Jobeye"]
[Black "Bojan"]
[WhiteElo "1990"]
[BlackElo "2040"]
[Result "0-1"]
[Round "1"]
1.e4 e5
2.Ng1f3 d6
3.Bf1c4 Bf8e7
4.c3 h6
5.d4 exd4
6.Qd1xd4 Be7f6
7.Qd4d3 Nb8c6
8.O-O Ng8e7
9.Bc1f4 Ne7g6
10.Bf4g3 Bc8g4
11.Nf3d4 Nc6e5
12.Bg3xe5 Ng6xe5
13.Bc4b5 c6
14.Qd3c2 cxb5
15.Nd4xb5 Qd8b6
16.Qc2a4 O-O
17.b3 Bg4e2
18.Nb5d4 Be2xf1
19.Kxf1 Ra8c8
20.a3 Ne5d3
21.Ra1a2 Bf6xd4
22.Ra2d2 Nd3c5
23.Qa4xd4 Nc5xb3
24.Qd4xb6 axb6
25.Rd2xd6 Rf8d8
26.Rd6xd8 Rc8xd8
27.Ke2 Kf8
28.f4 Nb3c1
29.Kf3 Rd8d3
30.Kg4 Nc1a2
31.c4 Na2c3
{ resign }
0-1

[Event "Tourn. n9109"]
[Site "www.chess-mail.com"]
[Date "2016.12.22"]
[Round "1"]
[White "Autmich"]
[Black "Bjonil60"]
[WhiteElo "1699"]
[BlackElo "1430"]
[Result "1-0"]
[Round "1"]
1.e4 e5
2.Ng1f3 Qd8e7
3.Nb1c3 a6
4.Nc3d5 Qe7d6
5.d4 c6
6.dxe5 Qd6g6
7.Nd5c7 Kd8
8.Nc7xa8 f6
9.exf6 Qg6xf6
10.Bc1g5 Qf6xg5
11.Nf3xg5 h6
12.Ng5f7 Ke8
13.Nf7xh8 d6
14.Qd1h5 Ke7
15.Qh5f7 Kd8
16.Qf7xf8 Kd7
17.Qf8xg8 g5
18.Na8b6 Kc7
19.Qg8xc8 Kxb6
20.Qc8xb8 c5
21.O-O-O a5
22.Rd1xd6 
1-0

[Event "Tourn. n9018"]
[Site "www.chess-mail.com"]
[Date "2016.12.22"]
[Round "1"]
[White "Romaamor69"]
[Black "Rons"]
[WhiteElo "2420"]
[BlackElo "2520"]
[Result "0-1"]
[Round "1"]
1.d4 Ng8f6
2.Bc1f4 e6
3.e3 c5
4.Ng1f3 Qd8b6
5.Nb1c3 d5
6.a3 Bc8d7
7.dxc5 Bf8xc5
8.Ra1b1 Nb8c6
9.Bf1d3 Nf6h5
10.Bf4e5 Nc6xe5
11.Nf3xe5 Nh5f6
12.Ne5xd7 Nf6xd7
13.O-O O-O
14.e4 d4
15.Nc3a4 Qb6c6
16.Na4xc5 Nd7xc5
17.Rf1e1 Ra8c8
18.e5 Rf8d8
19.Bd3e2 a6
20.Qd1d2 h6
21.Be2f3 Qc6c7
22.Rb1d1 b5
23.Re1e2 Nc5a4
24.Rd1b1 Na4b6
25.h4 Nb6c4
26.Qd2f4 Rd8d7
27.Kh1 Rc8d8
28.h5 d3
29.cxd3 Rd7xd3
30.Rb1c1 f5
31.Re2e1 Qc7e7
32.Rc1xc4 bxc4
33.Qf4xc4 Rd3d2
34.Kg1 Rd2xb2
35.Qc4xa6 Rd8d2
36.Re1f1 Kf7
37.Rf1c1 Rd2c2
38.Rc1xc2 Rb2xc2
39.Qa6d3 Rc2a2
{ resign }
0-1

[Event "Tourn. n9146"]
[Site "www.chess-mail.com"]
[Date "2016.12.22"]
[Round "1"]
[White "Bojan"]
[Black "Jobeye"]
[WhiteElo "2040"]
[BlackElo "2010"]
[Result "1-0"]
[Round "1"]
1.e4 c5
2.Bf1c4 e6
3.Ng1f3 d5
4.exd5 exd5
5.Bc4b5 Bc8d7
6.Qd1e2 Bf8e7
7.d4 Qd8a5
8.Nb1c3 c4
9.Bb5xd7 Nb8xd7
10.O-O O-O-O
11.Bc1d2 Qa5b6
12.b3 Nd7f6
13.Nf3g5 Rd8f8
14.Qe2f3 Qb6xd4
15.Ra1d1 cxb3
16.cxb3 h6
17.Qf3f5 Kb8
18.Bd2f4 Qd4xf4
19.Qf5xf4 { resign }
1-0

[Event "Tourn. n9013"]
[Site "www.chess-mail.com"]
[Date "2016.12.22"]
[Round "1"]
[White "Romaamor69"]
[Black "Drawlward"]
[WhiteElo "2420"]
[BlackElo "2490"]
[Result "0-1"]
[Round "1"]
1.d4 Ng8f6
2.Bc1f4 d5
3.e3 c5
4.c3 Nb8c6
5.Nb1d2 Bc8f5
6.Qd1b3 Qd8c8
7.Ng1f3 e6
8.Nf3h4 Bf5e4
9.Bf1e2 Bf8e7
10.O-O c4
11.Qb3d1 h6
12.Nh4f3 Be4h7
13.Nf3e5 Nc6xe5
14.Bf4xe5 b5
15.Rf1e1 a5
16.Qd1c1 O-O
17.b3 Nf6d7
18.Be5g3 a4
19.bxc4 bxc4
20.e4 Bh7xe4
21.Nd2xe4 dxe4
22.f3 exf3
23.Be2xf3 Ra8a7
24.Ra1b1 Nd7f6
25.Qc1c2 Nf6d5
26.Rb1b5 Ra7b7
27.Rb5xb7 Qc8xb7
28.Qc2xa4 Nd5xc3
29.Qa4xc4 Qb7b2
30.a4 Be7b4
31.Re1f1 Nc3xa4
32.Rf1f2 Qb2b1
33.Rf2f1 Qb1b2
34.Rf1f2 Qb2a1
35.Rf2f1 Qa1c3
36.Rf1c1 Qc3a3
37.Rc1b1 Bb4e7
38.Kh1 Na4c3
39.Rb1e1 Qa3b4
40.Qc4d3 Be7f6
41.Bg3e5 Bf6xe5
42.dxe5 Qb4a5
43.Qd3d4 Rf8d8
44.Qd4f2 Nc3d5
45.Bf3e4 Qa5c3
46.Re1f1 Rd8d7
47.Qf2a2 Qc3c7
48.Rf1e1 Nd5b6
49.h3 g6
50.Qa2a1 Qc7c5
51.Qa1b1 Kg7
52.Re1c1 Qc5f2
53.Be4f3 Rd7d2
{ resign }
0-1

[Event "Match"]
[Site "www.echecsemail.com"]
[Date "2016.12.22"]
[Round "1"]
[White "Mdesouza"]
[Black "Jobeye"]
[WhiteElo "2410"]
[BlackElo "2010"]
[Result "1-0"]
[Round "1"]
1.e4 Ng8f6
2.e5 Nf6e4
3.d4 e6
4.Ng1f3 c6
5.Bf1d3 Bf8b4
6.c3 Ne4xc3
7.bxc3 Bb4a5
8.Bc1a3 b5
9.O-O Nb8a6
10.Ba3d6 Qd8b6
11.Nf3g5 h6
12.Ng5xf7 { resign }
1-0

[Event "Match"]
[Site "www.echecsemail.com"]
[Date "2016.12.22"]
[Round "1"]
[White "Krystek23"]
[Black "Joseph1983"]
[WhiteElo "2340"]
[BlackElo "2180"]
[Result "1-0"]
[Round "1"]
1.c4 e6
2.Nb1c3 d5
3.d4 Ng8f6
4.Ng1f3 Bf8b4
5.g3 c6
6.Bf1g2 Nf6e4
7.Qd1c2 Qd8a5
8.Bc1d2 Ne4xd2
9.Nf3xd2 O-O
10.O-O Nb8d7
11.e4 dxe4
12.Nd2xe4 Bb4e7
13.Ne4d2 Nd7f6
14.c5 Rf8d8
15.Nd2c4 Qa5c7
16.Ra1d1 b6
17.cxb6 axb6
18.Nc4e5 Bc8b7
19.Bg2xc6 Bb7xc6
20.Nc3b5 Qc7b7
21.Qc2xc6 Qb7xc6
22.Ne5xc6 Rd8d7
23.a3 Be7f8
24.Rd1d3 Nf6d5
25.Rf1c1 g6
26.Rc1c4 Kg7
27.Nc6e5 Rd7d8
28.Rd3f3 f6
29.Nb5c7 fxe5
30.Nc7xe6 Kg8
31.Ne6xd8 Ra8xd8
32.dxe5 Nd5e7
33.Rf3b3 Rd8d1
34.Kg2 Ne7d5
35.e6 Rd1d2
36.Kf1 Bf8c5
37.Ke1 { resign }
1-0

[Event "Match"]
[Site "www.echecsemail.com"]
[Date "2016.12.22"]
[Round "1"]
[White "Joseph1983"]
[Black "Micheles"]
[WhiteElo "2180"]
[BlackElo "2560"]
[Result "0-1"]
[Round "1"]
1.e4 c6
2.Ng1f3 d5
3.exd5 cxd5
4.d4 Ng8f6
5.Bf1d3 Bc8g4
6.Nb1d2 Nb8c6
7.c3 e6
8.Qd1a4 Bf8d6
9.Nf3e5 Qd8c7
10.Ne5xg4 Nf6xg4
11.h3 Ng4f6
12.Nd2f3 h6
13.Qa4c2 O-O
14.g4 Ra8c8
15.a3 e5
16.dxe5 Nc6xe5
17.Nf3xe5 Bd6xe5
18.g5 hxg5
19.Bc1xg5 Be5xc3
20.bxc3 Qc7e5
{ resign }
0-1

[Event "Match"]
[Site "www.echecsemail.com"]
[Date "2016.12.22"]
[Round "1"]
[White "Pare123"]
[Black "Pinehill"]
[WhiteElo "2070"]
[BlackElo "2050"]
[Result "1-0"]
[Round "1"]
1.c4 Ng8f6
2.Nb1c3 e6
3.d4 Bf8b4
4.Bc1d2 O-O
5.Ng1f3 c5
6.a3 Bb4xc3
7.Bd2xc3 d5
8.e3 b6
9.Bf1e2 Bc8a6
10.b3 Nb8c6
11.dxc5 bxc5
12.O-O Nf6e4
13.Bc3b2 f6
14.Qd1c2 Kh8
15.Ra1d1 Ra8b8
16.cxd5 exd5
17.Be2xa6 Qd8b6
18.Ba6d3 Qb6xb3
19.Qc2xb3 Rb8xb3
20.Bb2c1 c4
21.Bd3xe4 dxe4
22.Nf3d2 Nc6e5
23.Nd2xb3 cxb3
24.Rd1d4 f5
25.Rd4b4 Ne5d3
26.Rb4xb3 Rf8c8
27.Bc1d2 h6
28.f3 Rc8c2
29.Bd2b4 Nd3c1
30.Rf1xc1 Rc2xc1
31.Kf2 Kh7
32.fxe4 fxe4
33.Bb4d2 Rc1c2
34.Ke2 Rc2a2
35.h4 { resign }
1-0

[Event "Match"]
[Site "www.echecsemail.com"]
[Date "2016.12.22"]
[Round "1"]
[White "Jobeye"]
[Black "Llord"]
[WhiteElo "1980"]
[BlackElo "1900"]
[Result "0-1"]
[Round "1"]
1.c4 e5
2.Nb1c3 Bf8c5
3.e3 Ng8f6
4.Qd1e2 O-O
5.a3 a5
6.g3 Nb8c6
7.Bf1g2 d6
8.Nc3a4 Bc5a7
9.Bg2xc6 bxc6
10.b4 axb4
11.axb4 c5
12.b5 Ba7b6
13.Bc1b2 Bc8f5
14.f3 Bf5c2
15.Na4c3 Ra8xa1
16.Bb2xa1 Qd8a8
17.Ba1b2 e4
18.f4 Bc2d3
19.Qe2f2 Nf6g4
20.Qf2g2 Bb6a5
21.Nc3d5 Ba5b6
22.h3 Qa8a2
23.Nd5e7 Kh8
24.Bb2xg7 Kxg7
25.hxg4 Qa2b1
26.Kf2 Qb1d1
27.Qg2h2 Qd1f1

0-1

[Event "Match"]
[Site "www.echecsemail.com"]
[Date "2016.12.22"]
[Round "1"]
[White "Osvalazo"]
[Black "Llord"]
[WhiteElo "1850"]
[BlackElo "1870"]
[Result "0-1"]
[Round "1"]
1.Ng1f3 Nb8c6
2.e4 e5
3.Bf1c4 Bf8e7
4.c3 Ng8f6
5.Nf3g5 O-O
6.Qd1b3 Qd8e8
7.d3 h6
8.Ng5f3 d6
9.Bc4b5 Bc8d7
10.h3 a6
11.Bb5xc6 Bd7xc6
12.Bc1e3 b5
13.Qb3c2 Bc6d7
14.Nb1d2 c5
15.b4 cxb4
16.cxb4 Ra8c8
17.Qc2b3 Bd7e6
18.Qb3b2 Nf6h5
19.g4 Nh5f4
20.Be3xf4 exf4
21.Ke2 d5
22.e5 Be7d8
23.a3 f6
24.d4 f5
25.Nd2b3 fxg4
26.Nf3h2 gxh3
27.Ra1g1 Be6f5
28.Nh2f3 Bf5e4
29.Nb3d2 Rc8c2
30.Qb2b3 Be4xf3
31.Qb3xf3 Qe8c6
32.Ke1 Rc2c1
33.Ke2 Rc1c2
34.Rh1xh3 a5
35.Qf3d3 Qc6c4
36.Qd3xc4 bxc4
37.Kd1 Rc2a2
38.Kc1 axb4
39.axb4 Bd8g5
40.f3 Rf8b8
41.e6 Rb8xb4
42.e7 Bg5xe7
43.Rh3xh6 Ra2a1
44.Kc2 Ra1xg1
45.Rh6e6 Be7f6
46.Kc3 Rb4b8
47.Re6d6 Rg1c1

0-1

[Event "Match"]
[Site "www.echecsemail.com"]
[Date "2016.12.22"]
[Round "1"]
[White "Add"]
[Black "Jobeye"]
[WhiteElo "2120"]
[BlackElo "2010"]
[Result "1-0"]
[Round "1"]
1.e4 d5
2.e5 g6
3.d4 Bc8f5
4.Bf1d3 Bf5xd3
5.Qd1xd3 c6
6.Ng1f3 Bf8g7
7.h3 Qd8b6
8.b3 Nb8d7
9.O-O O-O-O
10.a4 e6
11.Nf3g5 Rd8f8
12.a5 Qb6b5
13.Qd3xb5 cxb5
14.Bc1a3 h6
15.Ba3xf8 Bg7xf8
16.Ng5xf7 Rh8h7
17.Nf7d6 Bf8xd6
18.exd6 Nd7f6
19.Rf1e1 Kd7
20.Nb1c3 a6
21.Nc3e2 g5
22.c4 bxc4
23.bxc4 dxc4
24.Re1c1 Nf6e4
25.Rc1xc4 Kxd6
26.f3 Kd5
27.Rc4c8 Ng8e7
28.fxe4 Kxe4
29.Rc8c7 Ke3
30.Ra1a2 Rh7f7
31.Rc7xb7 Rf7f2
32.Rb7xe7 { resign }
1-0

[Event "1/128 Finale"]
[Site "www.chess-mail.com"]
[Date "2016.12.22"]
[Round "1"]
[White "Emmanuel69"]
[Black "Bojan"]
[WhiteElo "1880"]
[BlackElo "1960"]
[Result "0-1"]
[Round "1"]
1.c4 e5
2.Nb1c3 Ng8f6
3.d3 d5
4.cxd5 Nf6xd5
5.Ng1f3 Nb8c6
6.a3 h6
7.g3 Nd5xc3
8.bxc3 f6
9.Bf1g2 Bf8d6
10.e4 Bc8e6
11.c4 Qd8e7
12.O-O Be6g4
13.h3 Bg4h5
14.g4 Bh5f7
15.Bc1b2 Bd6c5
16.Rf1e1 g5
17.Qd1b3 Bc5b6
18.Re1c1 Qe7d7
19.Bg2f1 h5
20.Nf3h2 Nc6d4
21.Bb2xd4 exd4
22.f3 c6
23.a4 Qd7d6
24.Qb3c2 Bb6c7
25.Qc2g2 Qd6f4
26.Rc1d1 a5
27.Rd1b1 b6
28.Rb1e1 Bc7d6
29.Re1e2 Ra8b8
30.Ra1b1 Bd6b4
31.gxh5 Bf7e6
32.Nh2g4 Rh8xh5
33.Re2f2 Kf7
34.Qg2h2 Qf4xh2
35.Rf2xh2 Bb4d6
36.Rh2h1 Be6d7
37.Bf1e2 c5
38.Be2d1 Kg6
39.Kg2 Bd6c7
40.Bd1c2 f5
41.Ng4f2 Rb8f8
42.Rb1f1 Bc7f4
43.Nf2d1 Rf8h8
44.Nd1f2 Bf4e3
45.Bc2d1 Be3xf2
46.Rf1xf2 fxe4
47.fxe4 Rh5xh3
48.Rh1xh3 Rh8xh3
49.Rf2d2 Rh3e3
50.Kf2 g4
51.Bd1c2 Kg5
52.Rd2e2 g3
53.Kf1 Bd7g4
54.Re2xe3 dxe3
55.d4 cxd4
56.Bc2d3 Bg4f3
{ resign }
0-1

[Event "1/128 Finale"]
[Site "www.chess-mail.com"]
[Date "2016.12.22"]
[Round "1"]
[White "Attatroll"]
[Black "Ozana"]
[WhiteElo "1930"]
[BlackElo "2010"]
[Result "0-1"]
[Round "1"]
1.e4 d6
2.d4 Ng8f6
3.Nb1c3 e5
4.dxe5 dxe5
5.Qd1xd8 Kxd8
6.Ng1f3 Bf8d6
7.Bf1c4 Ke7
8.Bc1g5 Bc8e6
9.Nc3d5 Kf8
10.O-O-O Nf6xe4
11.Bg5h4 Nb8c6
12.Nf3g5 Ne4xg5
13.Bh4xg5 f6
14.Bg5h4 Kf7
15.Nd5xc7 Be6xc4
16.Rd1xd6 Ra8d8
17.Rh1d1 Rd8xd6
18.Rd1xd6 Ke7
19.Rd6d2 Rh8c8
20.Nc7d5 Bc4xd5
21.Rd2xd5 g5
22.Bh4g3 Nc6d4
23.c3 b6
24.Kd2 Ke6
25.c4 Rc8xc4
26.Rd5d8 Rc4c2
27.Kd3 Rc2xb2
28.Rd8h8 Rb2xa2
29.Rh8xh7 f5
30.h4 f4
31.Bg3h2 Nd4f5
32.hxg5 Ra2xf2
33.Rh7xa7 Rf2xg2
34.Ra7h7 f3
35.Rh7h8 e4
36.Kc3 f2
37.Rh8e8 Kd7
{ resign }
0-1

[Event "Tourn. n9093"]
[Site "www.chess-mail.com"]
[Date "2016.12.23"]
[Round "1"]
[White "Azulmarino"]
[Black "Winston"]
[WhiteElo "1580"]
[BlackElo "1469"]
[Result "0-1"]
[Round "1"]
1.e4 e6
2.Ng1f3 d5
3.e5 c5
4.d4 Nb8c6
5.Bc1g5 Qd8b6
6.b3 Bf8e7
7.Bg5xe7 Ng8xe7
8.c3 Ne7f5
9.Nf3g5 cxd4
10.Qd1h5 Nc6xe5
11.cxd4 Qb6xd4
12.Ng5f3 Ne5xf3
13.gxf3 Qd4xa1
14.Bf1d3 Qa1xa2
15.Bd3b5 Bc8d7
16.Bb5d3 Qa2xb3
17.Bd3xf5 exf5
18.O-O O-O
19.Kh1 Rf8d8
20.Rf1g1 g6
21.Qh5h6 Qb3xf3
22.Rg1g2 Rd8e8
23.h3 Re8e1
24.Kh2 Re1xb1
25.Qh6d2 f4
26.Qd2c2 Qf3xh3

0-1

[Event "Tourn. n8980"]
[Site "www.chess-mail.com"]
[Date "2016.12.23"]
[Round "1"]
[White "Seger"]
[Black "Egdiogel"]
[WhiteElo "2820"]
[BlackElo "2270"]
[Result "1-0"]
[Round "1"]
1.e4 e5
2.Ng1f3 Nb8c6
3.Bf1b5 a6
4.Bb5c4 Bf8c5
5.a4 d6
6.O-O h6
7.d3 Ng8f6
8.Bc1e3 Bc5a7
9.Be3xa7 Ra8xa7
10.Rf1e1 O-O
11.c3 Rf8e8
12.Nb1d2 Bc8g4
13.h3 Bg4h5
14.Nd2f1 Ra7a8
15.Nf1g3 Bh5g6
16.Nf3h4 Bg6h7
17.Qd1f3 Nc6e7
18.Ng3h5 Ne7c6
19.g4 Re8f8
20.Nh5xf6 Qd8xf6
21.Qf3xf6 gxf6
22.Nh4g2 Kg7
23.f4 Nc6e7
24.f5 Rf8g8
25.Ng2e3 c6
26.d4 Rg8d8
27.d5 b5
28.axb5 axb5
29.Bc4d3 cxd5
30.exd5 Ra8b8
31.Ra1a6 b4
32.c4 Ne7c8
33.Ne3f1 Kf8
34.Nf1g3 Rb8b6
35.Re1a1 Ke7
36.Kg2 Rb6b7
37.b3 Nc8b6
38.Ra1a5 Nb6d7
39.Ng3e4 Nd7b8
40.Ra6a8 h5
41.c5 dxc5
42.Ne4xc5 Rb7c7
43.Nc5e4 hxg4
44.d6 { resign }
1-0